000
00184 a2200097 4500
020
_a
968242920x
041
_a
spa
100
_a
Veronica Huacuja
245
_a
Mahatma Gandhi
942
_c
K
999
_c
28690
_d
28690